Escuela Internacional de Pintura Mural Contemporánea = École internationale de peinture murale contemporaine = Internationale School of Contemporany Mural Painting
Descripción Física:
[5] p. ; 22 cm
MARC
| LEADER | 00000nam a2200000Ia 4500 | ||
|---|---|---|---|
| 001 | 14813 | ||
| 008 | 160829s9999 xx 000 0 cat d | ||
| 080 | |a FU-31-9 | ||
| 110 | 2 | |a Escuela Internacional de Pintura Mural Contemporánea (Sant Cugat del Vallès, Catalunya) |9 54866 | |
| 245 | |a Escuela Internacional de Pintura Mural Contemporánea = École internationale de peinture murale contemporaine = Internationale School of Contemporany Mural Painting | ||
| 260 | |a [Sant Cugat del Vallès : |b la Escuela], DL 1969 | ||
| 300 | |a [5] p. ; |c 22 cm | ||
| 610 | 2 | 0 | |a Escuela Internacional de Pintura Mural Contemporánea (Sant Cugat del Vallès, Catalunya) |9 54866 |
| 650 | |a Pintura mural |x S. XX |x Ensenyament |9 24600 | ||
| 901 | |a Arxiu | ||
| 942 | |n 1 | ||
| 952 | |0 0 |1 0 |4 0 |6 FU319 |7 1 |9 43224 |a Arxiu |b Arxiu |d 2016-12-01 |l 0 |o FU-31-9 |p 14813 |r 2016-12-01 00:00:00 |w 2016-12-01 |y ARXIU | ||
| 999 | |c 45768 |d 45768 | ||